| 000 -LEADER |
| fixed length control field |
01172 a2200241 4500 |
| 020 ## - INTERNATIONAL STANDARD BOOK NUMBER |
| International Standard Book Number |
3540219889 (pt. I) |
| 020 ## - INTERNATIONAL STANDARD BOOK NUMBER |
| International Standard Book Number |
3540219935 (pt. II) |
| 040 ## - CATALOGING SOURCE |
| Original cataloging agency |
DLC |
| 082 ## - DEWEY DECIMAL CLASSIFICATION NUMBER |
| Classification number |
004.36 |
| 245 10 - TITLE STATEMENT |
| Title |
Grid and cooperative computing : econd International Workshop, GCC 2003, Shanhai [sic], China, December 7-10, 2003 : revised papers |
| Remainder of title |
second International Workshop, GCC 2003, Shanhai [sic], China, December 7-10, 2003 : revised papers |
| Statement of responsibility, etc. |
Minglu Li |
| 246 30 - VARYING FORM OF TITLE |
| Title proper/short title |
GCC 2003. |
| 260 ## - PUBLICATION, DISTRIBUTION, ETC. |
| Place of publication, distribution, etc. |
Berlin ; |
| -- |
Hong Kong : |
| Name of publisher, distributor, etc. |
Springer-Verlag, |
| Date of publication, distribution, etc. |
c2004. |
| 300 ## - PHYSICAL DESCRIPTION |
| Extent |
2 v. : |
| Other physical details |
ill. ; |
| Dimensions |
24 cm. |
| 490 1# - SERIES STATEMENT |
| Series statement |
Lecture notes in computer science ; |
| Volume/sequential designation |
3032-3033. |
| 650 #0 - SUBJECT ADDED ENTRY--TOPICAL TERM |
| Topical term or geographic name entry element |
Computational grids (Computer systems) |
| 700 1# - ADDED ENTRY--PERSONAL NAME |
| Personal name |
Li, Minglu. |
| 710 2# - ADDED ENTRY--CORPORATE NAME |
| Corporate name or jurisdiction name as entry element |
LINK (Online service) |
| 830 #0 - SERIES ADDED ENTRY--UNIFORM TITLE |
| Uniform title |
Lecture notes in computer science ; |
| 830 #0 - SERIES ADDED ENTRY--UNIFORM TITLE |
| Uniform title |
Lecture notes in computer science ; |
| 856 41 - ELECTRONIC LOCATION AND ACCESS |
| Uniform Resource Identifier |
<a href="http://libproxy1.nus.edu.sg/login?url=http://springerlink.com/openurl.asp?genre=issue&issn=0302-9743&volume=3032&issue=preprint">http://libproxy1.nus.edu.sg/login?url=http://springerlink.com/openurl.asp?genre=issue&issn=0302-9743&volume=3032&issue=preprint</a> |
| 856 41 - ELECTRONIC LOCATION AND ACCESS |
| Uniform Resource Identifier |
<a href="http://libproxy1.nus.edu.sg/login?url=http://springerlink.com/openurl.asp?genre=issue&issn=0302-9743&volume=3033&issue=preprint">http://libproxy1.nus.edu.sg/login?url=http://springerlink.com/openurl.asp?genre=issue&issn=0302-9743&volume=3033&issue=preprint</a> |
| 942 ## - ADDED ENTRY ELEMENTS (KOHA) |
| Koha item type |
Book |
| Call number prefix |
004.36 LIM |
| Source of classification or shelving scheme |
|